effect of usage compost steong meanchey on rice crop ir 66 (ឥទ្ធិពលនៃការប្រើប្រាស់ជីកំប៉ុស្តិ៍ស្ទឹងមានជ័យលើដំណាំស្រូអ៊ីអ៊ែ ៦៦) (Record no. 557)

000 -LEADER
fixed length control field 00613nam a22001577a 4500
003 - CONTROL NUMBER IDENTIFIER
control field OSt
005 - DATE AND TIME OF LATEST TRANSACTION
control field 20150916105906.0
008 - FIXED-LENGTH DATA ELEMENTS--GENERAL INFORMATION
fixed length control field 150916b xxu||||| |||| 00| 0 eng d
040 ## - CATALOGING SOURCE
Transcribing agency RUA
082 ## - DEWEY DECIMAL CLASSIFICATION NUMBER
Classification number AGR NGO 2002 B027 Or.3
100 ## - MAIN ENTRY--PERSONAL NAME
9 (RLIN) 580
Personal name NGOUN, SOPHEAP.
245 ## - TITLE STATEMENT
Title effect of usage compost steong meanchey on rice crop ir 66 (ឥទ្ធិពលនៃការប្រើប្រាស់ជីកំប៉ុស្តិ៍ស្ទឹងមានជ័យលើដំណាំស្រូអ៊ីអ៊ែ ៦៦)
260 ## - PUBLICATION, DISTRIBUTION, ETC. (IMPRINT)
Place of publication, distribution, etc. Phnom Penh
Name of publisher, distributor, etc. RUA
Date of publication, distribution, etc. 2002
300 ## - PHYSICAL DESCRIPTION
Extent 51p.
Other physical details ill.
Dimensions 29cm.
942 ## - ADDED ENTRY ELEMENTS (KOHA)
Source of classification or shelving scheme
Koha item type AGR

No items available.

មជ្ឈមណ្ឌលឯការនៃសាកលវិទ្យាល័យភូមិន្ទកសិកម្មចំការដូង

Powered by Koha